header

International Labour Organization report. (Record no. 223060)

MARC details
000 -LEADER
fixed length control field 01344nam a2200301 a 4500
245 10 - TITLE STATEMENT
Title International Labour Organization report.
260 ## - PUBLICATION, DISTRIBUTION, ETC. (IMPRINT)
Place of publication Geneva :
Name of publisher International Labour Office,
Year of publication 2008.
300 ## - PHYSICAL DESCRIPTION
Number of Pages iv, 58 p.
500 ## - GENERAL NOTE
General note "ICLS/18/2008/II."
650 #0 - SUBJECT ADDED ENTRY--TOPICAL TERM
Topical Term Hours of labor
856 40 - ELECTRONIC LOCATION AND ACCESS
Uniform Resource Identifier http://site.ebrary.com/lib/rucke/Doc?id=10512135

No items available.

© 2026 Rongo University
Contact us: librarian | system librarian | Rongo university